Pokémon - Les attaques de Sabelette - Statistiques

Statistiques générales
  • Ce quiz a été pris 13 fois
  • Le résultat moyen est 11 sur 17
Statistiques - réponses
Niveaux Types Noms des attaques % Correct
Niveau 6 Sol Jet de Sable
100%
Départ Normal Griffe
88%
Niveau 45 Sol Séisme
88%
Niveau 33 Sol Tunnel
88%
Niveau 24 Normal Combo-Griffe
75%
Niveau 3 Poison Dard-Venin
75%
Niveau 9 Roche Roulade
75%
Niveau 42 Roche Tempête de Sable
75%
Niveau 30 Normal Tranche
75%
Niveau 18 Sol Piétisol
63%
Niveau 12 Insecte Taillade
63%
Départ Normal Boul'Armure
50%
Niveau 36 Acier Gyroballe
50%
Niveau 27 Psy Hâte
50%
Niveau 39 Normal Danse Lames
25%
Niveau 15 Normal Tour Rapide
25%
Niveau 21 Normal Météores
13%
Aucun quiz correspondant
Distribution des résultats
% des personnes avec chaque résultat
Percentile par nombre de réponses
Votre historique - résultats
Vous n’avez pas pris ce quiz